000 02031nam a2200301 i 4500
003 DO-SdBNP
005 20250812082418.0
007 ta
008 250811t2025 dr 000 0 spa d
020 _z9789945656374
040 _aDO-SdBNP
_bspa
_cBNPHU
_erda
041 _aspa
082 _axxxx
_bD346
_222
100 1 _aDe León Díaz, Estherlyn Leidy
_d1996-
_eautora
_4aut.
_926602
245 1 0 _aCuando nadie me ve /
_cEstherlyn Leidy De León Díaz
250 _aPrimera edición
264 1 _aSanto Domingo :
_bEditorial Santuario,
_c2025.
300 _a50 páginas
_c24 cm.
336 _atexto
_btxt
_2rdacontent
337 _asin mediación
_bn
_2rdamedia
338 _avolumen
_bnc
_2rdacarrier
500 _aIncluye datos biográficos de la autora en la solapa de la cubierta.
505 2 _tPalabras de la autora --
_tSinopsis --
_tPrólogo --
_tDedicatoria --
_gCapítulo I --
_tCuando respirar duele --
_gCapítulo II --
_tEl disfraz de "Todo va bien" --
_gCapítulo III --
_truidos por dentro --
_gCapítulo IV --
_tLos "Y si..." que no te dejan vivir --
_gCapítulo V --
_tLa noche: ese monstruo que no duerme --
_gCapítulo VI --
_tGente rota que sonríe en fotos --
_gCapítulo VII --
_tNo quiero que me vean así --
_gCapítulo VIII --
_tRomperse también es avanzar --
_gCapítulo IX --
_tLas pequeñas salidas --
_gCapítulo X --
_tCuando por fin me vi --
_tCarta al lector /
520 _aCuando nadie me ve no es un libro de autoayuda al uso. Es una experiencia emocional. Una herida abierta que aprendió a hablar. Una linterna encendida en medio del silencio que muchos han aprendido a callar. Aquí no encontrarás fórmulas mágicas ni frases hechas. Encontrarás historias que parecen contadas por tu propio cuerpo. Capítulos que duelen, pero que también abrazan. Y herramientas reales para cuando el pecho aprieta, la mente se acelera, y nadie parece entenderte. “Este libro no te salva, te acompaña. Y, a veces, eso lo es todo.”
590 _aInventariado, 2025/ YL
910 _aYLockward
942 _2ddc
_cLF2
999 _c59760
_d59760